मंतरलेली चैत्रवेल. (Record no. 1339186)

MARC details
000 -LEADER
fixed length control field 00657nam a2200181Ia 4500
008 - FIXED-LENGTH DATA ELEMENTS--GENERAL INFORMATION
fixed length control field 151202s9999||||xx |||||||||||||| ||und||
082 ## - DEWEY DECIMAL CLASSIFICATION NUMBER
Item number PNVM-72521
100 ## - MAIN ENTRY--PERSONAL NAME
Personal name खरे सुरेश.
245 ## - TITLE STATEMENT
Title मंतरलेली चैत्रवेल.
260 ## - PUBLICATION, DISTRIBUTION, ETC. (IMPRINT)
Name of publisher, distributor, etc जोशी ब्रदर्स बुकसेलर्स अ‍ॅण्ड पब्लिशर्स.
260 ## - PUBLICATION, DISTRIBUTION, ETC. (IMPRINT)
Date of publication, distribution, etc 7252
300 ## - PHYSICAL DESCRIPTION
Extent 83
600 ## - SUBJECT ADDED ENTRY--PERSONAL NAME
Personal name खरे सुरेश.
630 ## - SUBJECT ADDED ENTRY--UNIFORM TITLE
Uniform title मंतरलेली चैत्रवेल.
700 ## - ADDED ENTRY--PERSONAL NAME
Personal name खरे सुरेश.
730 ## - ADDED ENTRY--UNIFORM TITLE
Uniform title मंतरलेली चैत्रवेल.
942 ## - ADDED ENTRY ELEMENTS (KOHA)
Koha item type Book
Holdings
Withdrawn status Lost status Damaged status Not for loan Home library Current library Date acquired Cost, normal purchase price Total Checkouts Full call number Barcode Date last seen Cost, replacement price Price effective from Koha item type
        Pune Nagar Vachan Mandir, Pune Pune Nagar Vachan Mandir, Pune 06/21/2015 0.00   PNVM-72521 PNVM-72521 12/02/2015 0.00 12/02/2015 Book